000 00186 a2200097 4500
020 _a8483510316
041 _aspa
100 _aRamos, German
245 _aEl robo de las aes
942 _cBK
999 _c31923
_d31921